000 00463nam a2200169Ia 4500
008 240729s9999 xx 000 0 und d
022 _a2410-3403
245 0 _aGeochemical Perspectives Letters
260 _aNetherlands
260 _bEuropean Association of Geochemistry
650 _a Chemistry
650 _a Geology | Science
650 _aScience
856 _uhttps://doaj.org/toc/9a9a751c2a5c44f9a4c35fa6ab0ab376
942 _2ddc
942 _cDOAJEJ
999 _c70598
_d70598
945 _a1
_bMadushi Gamage
_c1
_dMadushi Gamage